[Event "Hebraica op 31st"]
[Site "Hebraica"]
[Date "2023.07.01"]
[Round "3"]
[White "Gongora, Valmir"]
[Black "Muniz, Henrique Rocha"]
[Result "0-1"]
[WhiteElo "1281"]
[BlackElo "1534"]
[PlyCount "58"]
[EventDate "2023.06.30"]
[EventType "swiss"]
[EventRounds "6"]
[EventCountry "BRA"]
[SourceTitle "CBM 215 Extra"]
[Source "ChessBase"]
[SourceDate "2023.09.30"]
[SourceVersion "1"]
[SourceVersionDate "2023.09.30"]
[SourceQuality "1"]

1. e4 c5 2. Nf3 d6 3. d4 cxd4 4. Nxd4 Nf6 5. Nc3 a6 6. f3 e5 7. Nb3 Be7 8. Be3 b5 9. Qd2 Bb7 10. 0-0-0 Nbd7 11. g4 b4 12. Ne2 d5 13. g5 d4 14. Bf2 Nxe4 15. Qe1 Nxg5 16. Bg2 Bxf3 17. Qf1 Rc8 18. Bxf3 Nxf3 19. Rd3 Qc7 20. Qd1 e4 21. Rxd4 Nxd4 22. Nexd4 Qf4+ 23. Qd2 Qxd2+ 24. Kxd2 0-0 25. Rg1 Nc5 26. Rxg7+ Kxg7 27. Nf5+ Kf6 28. Nxe7 Nxb3+ 29. axb3 Kxe7 0-1

[Event "Hebraica op 31st"]
[Site "Hebraica"]
[Date "2023.06.30"]
[Round "2"]
[White "Muniz, Henrique Rocha"]
[Black "Rodrigues, Leonardo De Miranda"]
[Result "0-1"]
[WhiteElo "1534"]
[BlackElo "2067"]
[PlyCount "60"]
[EventDate "2023.06.30"]
[EventType "swiss"]
[EventRounds "6"]
[EventCountry "BRA"]
[SourceTitle "CBM 215 Extra"]
[Source "ChessBase"]
[SourceDate "2023.09.30"]
[SourceVersion "1"]
[SourceVersionDate "2023.09.30"]
[SourceQuality "1"]

1. Nf3 Nf6 2. g3 g6 3. Bg2 Bg7 4. 0-0 0-0 5. Re1 d6 6. e4 c5 7. c3 Nc6 8. d4 cxd4 9. cxd4 Bg4 10. Nc3 Rc8 11. h3 Bxf3 12. Bxf3 Nd7 13. Be3 Nb6 14. e5 d5 15. Qb3 Na5 16. Qb5 Nac4 17. b3 Na3 18. Qd3 e6 19. Bc1 Qe7 20. Bb2 Rc6 21. Rac1 Bh6 22. Bxa3 Qxa3 23. Rc2 Rfc8 24. Ree2 Qa6 25. Re3 Qxd3 26. Rxd3 Bf8 27. a3 Bxa3 28. Bd1 a6 29. Nb1 Rxc2 30. Bxc2 Rxc2 0-1

[Event "Jundiai op"]
[Site "Jundiai"]
[Date "2023.04.15"]
[Round "2"]
[White "Muniz, Henrique Rocha"]
[Black "Carneiro, Ruan Souza"]
[Result "1-0"]
[WhiteElo "1592"]
[BlackElo "1800"]
[PlyCount "147"]
[EventDate "2023.04.14"]
[EventType "swiss"]
[EventRounds "5"]
[EventCountry "BRA"]
[SourceTitle "CBM 213 Extra"]
[Source "ChessBase"]
[SourceDate "2023.05.31"]
[SourceVersion "1"]
[SourceVersionDate "2023.05.31"]
[SourceQuality "1"]

1. e4 e5 2. Nf3 Nc6 3. Bc4 Bc5 4. 0-0 d6 5. h3 Nf6 6. d3 h6 7. Nc3 a6 8. Nd5 0-0 9. Nxf6+ Qxf6 10. Be3 Ba7 11. c3 Be6 12. Bb3 Ne7 13. d4 Ng6 14. d5 Bd7 15. Qd2 Bxh3 16. Nxe5 Qxe5 17. gxh3 Nh4 18. f4 Qxe4 19. Bxa7 Nf3+ 20. Rxf3 Qxf3 21. Qe3 Qh5 22. Bd4 Qg6+ 23. Kh1 Rae8 24. Qf3 Qe4 25. Qxe4 Rxe4 26. Rg1 f6 27. f5 Re2 28. Bc4 Rxb2 29. Re1 Kf7 30. Be2 Rxa2 31. Bh5+ Kg8 32. Bg6 Ra5 33. Re7 Rxd5 34. Rxc7 b5 35. Ra7 b4 36. Rxa6 bxc3 37. Bxc3 Rd3 38. Bb4 Rxh3+ 39. Kg2 Rd3 40. Bxd6 Rc8 41. Bc5 Rb8 42. Re6 Rb2+ 43. Bf2 Rb8 44. Bc5 Rd2+ 45. Kf3 Rbd8 46. Re7 R2d7 47. Re6 Rd5 48. Bb6 Rc8 49. Bc7 Rc5 50. Bd6 R5c6 51. Be8 Rxd6 52. Rxd6 Rxe8 53. Kf4 Ra8 54. Kg4 Ra4+ 55. Kh5 Kh7 56. Rd7 Rf4 57. Rxg7+ Kh8 58. Re7 Kg8 59. Kg6 Kf8 60. Rf7+ Ke8 61. Rxf6 Ke7 62. Rf7+ Ke8 63. Rh7 Rg4+ 64. Kf6 Ra4 65. Rh8+ Kd7 66. Rxh6 Ke8 67. Rh8+ Kd7 68. Kf7 Rg4 69. f6 Rg2 70. Rh7 Ra2 71. Kg8+ Ke6 72. f7 Rg2+ 73. Rg7 Rf2 74. f8Q 1-0

[Event "Jundiai op"]
[Site "Jundiai"]
[Date "2023.04.15"]
[Round "3"]
[White "Pironti, Francisco Ferrari"]
[Black "Muniz, Henrique Rocha"]
[Result "1-0"]
[WhiteElo "1944"]
[BlackElo "1592"]
[PlyCount "75"]
[EventDate "2023.04.14"]
[EventType "swiss"]
[EventRounds "5"]
[EventCountry "BRA"]
[SourceTitle "CBM 213 Extra"]
[Source "ChessBase"]
[SourceDate "2023.05.31"]
[SourceVersion "1"]
[SourceVersionDate "2023.05.31"]
[SourceQuality "1"]

1. c4 d6 2. Nc3 Nf6 3. g3 g6 4. Bg2 Bg7 5. e4 Nbd7 6. Nge2 0-0 7. 0-0 e5 8. d3 Re8 9. h3 c6 10. Be3 Nf8 11. Qd2 h5 12. f4 N8h7 13. Rf2 Qc7 14. Raf1 Bd7 15. d4 exd4 16. Bxd4 c5 17. Bxf6 Nxf6 18. e5 dxe5 19. fxe5 Qxe5 20. Rxf6 Bxf6 21. Qxd7 Re7 22. Qd5 Qe3+ 23. Kh2 Bxc3 24. Nxc3 Rae8 25. Qf3 Qxf3 26. Bxf3 Rd7 27. Bd5 Kg7 28. Rf2 Re5 29. Kg2 Rde7 30. Rf4 f6 31. Kf3 Re3+ 32. Kf2 g5 33. Re4 R3xe4 34. Nxe4 b6 35. g4 hxg4 36. hxg4 Kg6 37. Nd6 Rh7 38. Be4+ 1-0

[Event "Mogi Guacu City-ch 3rd"]
[Site "Mogi Guacu"]
[Date "2023.03.19"]
[Round "7"]
[White "Caetano, Heitor Luiz"]
[Black "Muniz, Henrique Rocha"]
[Result "0-1"]
[WhiteElo "1805"]
[BlackElo "1567"]
[PlyCount "77"]
[EventDate "2023.03.17"]
[EventType "tourn"]
[EventRounds "9"]
[EventCountry "BRA"]
[SourceTitle "CBM 213 Extra"]
[Source "ChessBase"]
[SourceDate "2023.05.31"]
[SourceVersion "1"]
[SourceVersionDate "2023.05.31"]
[SourceQuality "1"]

1. e4 e5 2. Nf3 Nc6 3. Bc4 Bc5 4. c3 Nf6 5. Qe2 d6 6. h3 0-0 7. 0-0 Be6 8. Re1 h6 9. Bxe6 fxe6 10. Qd1 Nh5 11. d4 exd4 12. cxd4 Bb4 13. Nc3 e5 14. d5 Nd4 15. Bd2 Nxf3+ 16. gxf3 Nf4 17. Bxf4 Rxf4 18. Kf1 Qh4 19. Ke2 Qxh3 20. Ke3 Raf8 21. Kd2 Rxf3 22. Kc2 Bxc3 23. bxc3 Rxc3+ 24. Kb2 Rxf2+ 25. Re2 Rxe2+ 26. Qxe2 Rg3 27. Rf1 Rg2 28. Rf2 Rxf2 29. Qxf2 Qd7 30. Qe2 a6 31. Kc1 Qb5 32. Qg4 Qf1+ 33. Kc2 Qc4+ 34. Kd1 Qa4+ 35. Ke1 Qe8 36. a4 h5 37. Qg5 Kh7 38. Qf5+ Qg6 39. Qf3 0-1

[Event "Mogi Guacu City-ch 3rd"]
[Site "Mogi Guacu"]
[Date "2023.03.18"]
[Round "6"]
[White "Muniz, Henrique Rocha"]
[Black "Chagas, Diogo Martin"]
[Result "1-0"]
[WhiteElo "1567"]
[BlackElo "1850"]
[PlyCount "115"]
[EventDate "2023.03.17"]
[EventType "tourn"]
[EventRounds "9"]
[EventCountry "BRA"]
[SourceTitle "CBM 213 Extra"]
[Source "ChessBase"]
[SourceDate "2023.05.31"]
[SourceVersion "1"]
[SourceVersionDate "2023.05.31"]
[SourceQuality "1"]

1. Nf3 d6 2. d4 Nf6 3. Nc3 g6 4. e4 Bg7 5. Bc4 a6 6. a4 0-0 7. 0-0 c5 8. dxc5 dxc5 9. Be3 Qc7 10. e5 Ng4 11. Nd5 Qd8 12. Bxc5 Nc6 13. Nb6 Rb8 14. Nxc8 Qxc8 15. e6 f5 16. Bd6 Ra8 17. Ba3 Nge5 18. Nxe5 Bxe5 19. f4 Bf6 20. c3 Kg7 21. Qe2 Qc7 22. Rad1 Rad8 23. g3 Rxd1 24. Rxd1 Rd8 25. Bd5 Qb6+ 26. Kh1 Qc7 27. Bf3 Qb6 28. Rd7 Nb8 29. Rxd8 Qxd8 30. Bxb7 a5 31. Bf3 Qb6 32. Bd5 Qd8 33. Bf3 Qb6 34. Kg2 h6 35. Qd3 Qc7 36. Qb5 Qd8 37. Qd5 Qb6 38. Qb7 Qd8 39. Qd5 Qb6 40. Qd3 Qc7 41. c4 g5 42. fxg5 hxg5 43. Qxf5 Nc6 44. Qc5 Qd8 45. Bxc6 g4 46. Bd7 Qh8 47. Qg1 Qh3+ 48. Kh1 Be5 49. Qg2 Qh6 50. Qe2 Qg5 51. Kg2 Bd4 52. Bxe7 Qh5 53. Bh4 Bc5 54. e7 Bxe7 55. Qxe7+ Qf7 56. Bf6+ Kg6 57. Be6 Kh6 58. Bg5+ 1-0

[Event "Hebraica op 29th"]
[Site "Hebraica"]
[Date "2022.11.19"]
[Round "2"]
[White "Muniz, Henrique Rocha"]
[Black "Simao Vasconcellos, Pedro Augusto"]
[Result "1-0"]
[WhiteElo "1343"]
[BlackElo "1816"]
[PlyCount "99"]
[EventDate "2022.11.19"]
[EventType "swiss"]
[EventRounds "5"]
[EventCountry "BRA"]
[SourceTitle "CBM 211 Extra"]
[Source "ChessBase"]
[SourceDate "2023.01.31"]
[SourceVersion "1"]
[SourceVersionDate "2023.01.31"]
[SourceQuality "1"]

1. e4 c5 2. Nf3 d6 3. d3 g6 4. Nbd2 Bg7 5. g3 Nc6 6. Bg2 Rb8 7. 0-0 h5 8. Re1 e6 9. c3 Nge7 10. h4 b5 11. Nf1 b4 12. d4 bxc3 13. bxc3 cxd4 14. cxd4 d5 15. e5 0-0 16. Ng5 Nf5 17. Ba3 Re8 18. Bc5 Ba6 19. Ne3 Nxe3 20. Rxe3 Qd7 21. Rf3 Nd8 22. Bd6 Rb2 23. Qc1 Qb7 24. Qc7 Qxc7 25. Bxc7 Rb7 26. Rc3 Bc4 27. Bxd8 Rxd8 28. Rxc4 dxc4 29. Bxb7 Rxd4 30. Nf3 Rd3 31. Rc1 Ra3 32. Rxc4 Rxa2 33. Rc8+ Bf8 34. Ng5 a5 35. Ne4 a4 36. Nf6+ Kg7 37. Ra8 a3 38. Bf3 Rb2 39. Ne8+ Kg8 40. Nd6 a2 41. Kg2 Kg7 42. Be4 Be7 43. Bd3 Bd8 44. Bc4 Bc7 45. Rxa2 Rb4 46. Rc2 Bxd6 47. exd6 Rb7 48. Bxe6 Rb6 49. d7 Rd6 50. Rc8 1-0

[Event "BRA Amateur-ch U1800"]
[Site "Sao Paulo"]
[Date "2022.11.04"]
[Round "3"]
[White "Muniz, Henrique Rocha"]
[Black "Hubner, Jessica Trindade"]
[Result "0-1"]
[WhiteElo "1343"]
[BlackElo "1725"]
[PlyCount "62"]
[EventDate "2022.11.03"]
[EventType "swiss"]
[EventRounds "7"]
[EventCountry "BRA"]
[SourceTitle "CBM 211 Extra"]
[Source "ChessBase"]
[SourceDate "2023.01.31"]
[SourceVersion "1"]
[SourceVersionDate "2023.01.31"]
[SourceQuality "1"]

1. c4 Nf6 2. Nc3 b6 3. g3 Bb7 4. Nf3 c5 5. Bg2 e6 6. 0-0 Be7 7. b3 d6 8. Bb2 0-0 9. a3 a6 10. b4 Qc7 11. Qc2 Nbd7 12. d3 Rab8 13. Rfe1 Rfc8 14. Rad1 d5 15. Na2 cxb4 16. axb4 dxc4 17. Rc1 b5 18. dxc4 bxc4 19. Red1 Bd5 20. Ng5 Bxg2 21. Kxg2 h6 22. Nf3 Bxb4 23. Nxb4 Rxb4 24. Ba3 Rb7 25. Rd4 Nb6 26. Bd6 Qc6 27. Kg1 Nfd7 28. Nd2 e5 29. Rg4 Qxd6 30. Ne4 Qe6 31. Rh4 f5 0-1

[Event "BRA Amateur-ch U1800"]
[Site "Sao Paulo"]
[Date "2022.11.03"]
[Round "1"]
[White "Muniz, Henrique Rocha"]
[Black "Rial, Antonio Marcos Pino"]
[Result "1-0"]
[WhiteElo "1343"]
[BlackElo "1669"]
[PlyCount "62"]
[EventDate "2022.11.03"]
[EventType "swiss"]
[EventRounds "7"]
[EventCountry "BRA"]
[SourceTitle "CBM 211 Extra"]
[Source "ChessBase"]
[SourceDate "2023.01.31"]
[SourceVersion "1"]
[SourceVersionDate "2023.01.31"]
[SourceQuality "1"]

1. e4 Nc6 2. d4 e5 3. dxe5 Nxe5 4. f4 Nc6 5. Nf3 Bc5 6. Bc4 Nf6 7. Nc3 0-0 8. e5 d5 9. Bxd5 Nxd5 10. Qxd5 Qe7 11. Bd2 Nb4 12. Qe4 f5 13. exf6 Qxe4+ 14. Nxe4 Re8 15. f7+ Kxf7 16. Nfg5+ Kg8 17. 0-0-0 h6 18. Nxc5 Nxa2+ 19. Kb1 hxg5 20. Kxa2 b6 21. Nd3 g4 22. Rhe1 Bb7 23. Rxe8+ Rxe8 24. Re1 Rd8 25. Re7 Bxg2 26. Rxc7 a5 27. Bc3 Bf3 28. Rxg7+ Kf8 29. Rh7 Rd5 30. Ne5 Rd1 31. Ng6+ Ke8 1-0

[Event "Mombaca op 6th"]
[Site "Mombaca"]
[Date "2022.08.21"]
[Round "5"]
[White "Muniz, Henrique Rocha"]
[Black "Dias, Juliane de Oliveira"]
[Result "0-1"]
[WhiteElo "1355"]
[BlackElo "1672"]
[PlyCount "70"]
[EventDate "2022.08.19"]
[EventType "swiss"]
[EventRounds "6"]
[EventCountry "BRA"]
[SourceTitle "CBM 210 Extra"]
[Source "ChessBase"]
[SourceDate "2022.11.30"]
[SourceVersion "1"]
[SourceVersionDate "2022.11.30"]
[SourceQuality "1"]

1. e4 c5 2. Nf3 Nc6 3. d4 cxd4 4. Nxd4 e6 5. Nc3 Qc7 6. g3 a6 7. Bg2 Bb4 8. 0-0 Bxc3 9. bxc3 Nge7 10. f4 0-0 11. f5 exf5 12. exf5 f6 13. Ba3 Re8 14. Re1 Ne5 15. Re3 d6 16. Bf1 Bxf5 17. Nf3 Rad8 18. Nxe5 dxe5 19. Qe2 Qb6 20. Qf2 Bg6 21. Bd3 Bxd3 22. Rxd3 Qxf2+ 23. Kxf2 Nc6 24. Rad1 Rxd3 25. Rxd3 Rd8 26. Ke3 Kf7 27. c4 Ke6 28. Bc5 h5 29. Bb6 Rd7 30. c3 Rxd3+ 31. Kxd3 f5 32. c5 g5 33. c4 h4 34. gxh4 gxh4 35. Bc7 Kf6 0-1

[Event "BRA-ch Amateur U1600"]
[Site "Sao Paulo"]
[Date "2022.06.19"]
[Round "7"]
[White "Kamakawa, Cesar"]
[Black "Muniz, Henrique Rocha"]
[Result "1/2-1/2"]
[WhiteElo "1565"]
[BlackElo "1329"]
[PlyCount "65"]
[EventDate "2022.06.16"]
[EventType "swiss"]
[EventRounds "7"]
[EventCountry "BRA"]
[SourceTitle "CBM 208 Extra"]
[Source "ChessBase"]
[SourceDate "2022.07.31"]
[SourceVersion "1"]
[SourceVersionDate "2022.07.31"]
[SourceQuality "1"]

1. d4 Nf6 2. Bg5 h5 3. Nf3 g6 4. e3 Bg7 5. Nbd2 d6 6. c3 Nbd7 7. Qb3 b6 8. Bc4 e6 9. Bd3 Bb7 10. Qc2 0-0 11. Ne4 d5 12. Ng3 Qe8 13. h3 c5 14. Qe2 c4 15. Bc2 Ne4 16. Nxe4 dxe4 17. Nd2 f5 18. Bh4 g5 19. Bg3 e5 20. Bxe4 Bxe4 21. Nxe4 Qe6 22. Qxh5 exd4 23. Nd6 Ne5 24. 0-0 dxc3 25. Nb5 cxb2 26. Rab1 Rfc8 27. Rxb2 a6 28. Nd4 Qd6 29. Nxf5 Qe6 30. e4 b5 31. Bxe5 Qxe5 32. Qg6 Rc7 33. Rd2 1/2-1/2

[Event "Vale Paraiba-ch"]
[Site "Sao Jose dos Campos"]
[Date "2022.04.22"]
[Round "4"]
[White "Lora, Miguel Said Brasil"]
[Black "Muniz, Henrique Rocha"]
[Result "1-0"]
[WhiteElo "1205"]
[BlackElo "1342"]
[PlyCount "59"]
[EventDate "2022.04.21"]
[EventType "swiss"]
[EventRounds "6"]
[EventCountry "BRA"]
[SourceTitle "EXT 2023"]
[Source "ChessBase"]
[SourceDate "2022.10.05"]
[SourceVersion "1"]
[SourceVersionDate "2022.10.05"]
[SourceQuality "1"]

1. e4 e5 2. Nf3 Nc6 3. Bc4 Bc5 4. c3 Nf6 5. d4 exd4 6. cxd4 Bb4+ 7. Bd2 Bxd2+ 8. Nbxd2 d6 9. 0-0 0-0 10. Re1 Bg4 11. Qc2 Re8 12. h3 Bh5 13. d5 Ne5 14. Nxe5 dxe5 15. Bb5 c6 16. dxc6 bxc6 17. Ba4 Re6 18. Re3 Rd6 19. Nc4 Rd4 20. Nxe5 Rc8 21. Rc1 Qa5 22. Nxc6 Qxa4 23. Qxa4 Rxa4 24. Ne7+ Kf8 25. Nxc8 Rxa2 26. e5 Ne8 27. Nd6 Ke7 28. Nxe8 Kxe8 29. Rb3 Ke7 30. Rc6 1-0

[Event "Osasco Carvalho Memorial"]
[Site "Osasco"]
[Date "2022.02.19"]
[Round "2"]
[White "Muniz, Henrique Rocha"]
[Black "Bustamante, Leonardo Wissenbach"]
[Result "1-0"]
[WhiteElo "1310"]
[BlackElo "1477"]
[PlyCount "115"]
[EventDate "2022.02.18"]
[EventType "swiss"]
[EventRounds "6"]
[EventCountry "BRA"]
[SourceTitle "CBM 207 Extra"]
[Source "ChessBase"]
[SourceDate "2022.05.31"]
[SourceVersion "1"]
[SourceVersionDate "2022.05.31"]
[SourceQuality "1"]

1. d4 e6 2. c4 Nf6 3. Nc3 Bb4 4. a3 Bxc3+ 5. bxc3 b6 6. f3 d5 7. Bg5 h6 8. Bh4 Bb7 9. e3 Nbd7 10. Bd3 Qc8 11. Ne2 0-0 12. 0-0 c5 13. cxd5 exd5 14. Bf5 Qc6 15. Ng3 g5 16. f4 gxh4 17. Nh5 Rad8 18. Bxd7 Rxd7 19. Nxf6+ Qxf6 20. Qg4+ Qg6 21. Qxd7 Ba6 22. f5 Qg5 23. Rf4 Bc4 24. f6 Kh7 25. Qf5+ Qxf5 26. Rxf5 Kg6 27. Rf4 Re8 28. Re1 cxd4 29. Rxd4 Kxf6 30. Rxh4 Kg5 31. Rd4 Re6 32. Kf2 b5 33. e4 dxe4 34. Rexe4 Rf6+ 35. Kg3 h5 36. Re5+ Kh6 37. Kh4 Ra6 38. Rxh5+ Kg7 39. Rg4+ Kf8 40. Rh8+ Ke7 41. Re4+ Be6 42. Rb4 Rxa3 43. Rxb5 a6 44. Rb7+ Kf6 45. Rh6+ Ke5 46. Ra7 Rxc3 47. Rxa6 Rc4+ 48. Kg3 Rc3+ 49. Kh4 Rc4+ 50. Kh5 Bg4+ 51. Kg5 Be6 52. Rhxe6+ fxe6 53. h4 Kd5 54. h5 e5 55. h6 e4 56. h7 Rc8 57. Kf4 Rh8 58. Ra7 1-0

[Event "Taubate op 2nd"]
[Site "Taubate"]
[Date "2021.12.16"]
[Round "1"]
[White "Nunes, Agatha Hurba"]
[Black "Muniz, Henrique Rocha"]
[Result "1-0"]
[WhiteElo "1818"]
[BlackElo "1277"]
[PlyCount "47"]
[EventDate "2021.12.16"]
[EventType "swiss"]
[EventRounds "6"]
[EventCountry "BRA"]
[SourceTitle "CBM 206 Extra"]
[Source "ChessBase"]
[SourceDate "2022.03.31"]
[SourceVersion "1"]
[SourceVersionDate "2022.03.31"]
[SourceQuality "1"]

1. d4 Nf6 2. c4 d6 3. Nc3 g6 4. e4 Nbd7 5. Nf3 Bg7 6. Be2 b6 7. 0-0 Bb7 8. Qc2 0-0 9. b4 c5 10. bxc5 bxc5 11. Rb1 cxd4 12. Nxd4 Nc5 13. Bf3 Nfxe4 14. Nxe4 Bxd4 15. Rd1 Bxe4 16. Bxe4 Nxe4 17. Rxd4 Nf6 18. Bh6 Re8 19. Rbd1 Qa5 20. Rh4 Rab8 21. Bd2 Qa3 22. Bc3 Qc5 23. Qd2 a5 24. Qh6 1-0